| 000 | 01523nam0a2200349 4500 | ||
|---|---|---|---|
| 001 | RU\NLR\bibl\1150962 | ||
| 005 | 20260405165225.0 | ||
| 010 |
_a978-5-85759-434-6 _91000 |
||
| 021 |
_aRU _b2007-67931 _93647 |
||
| 035 | _a(NLR Aleph) 001137757 | ||
| 090 |
_a1398195 _c1398195 |
||
| 100 | _a20071107d2007 |||y0rusy50 ca | ||
| 101 | 0 | _arus | |
| 102 | _aRU | ||
| 105 | _aa ||||||||| | ||
| 200 | 1 |
_aПутешествие по Востоку и Святой земле в свите великого князя Николая Николаевича в 1872 году _fДмитрий Антонович Скалон |
|
| 210 |
_aМосква _cИндрик _d2007 |
||
| 215 |
_a219 с. _cил. _d29 |
||
| 225 | 1 |
_aВосточнохристианский мир _fсост.: Г.И. Вздорнов [и др.] |
|
| 600 | 0 |
_aНиколай Николаевич _cвеликий князь _f1831 - 1891 _92283120 _3RU\NLR\auth\661367766 |
|
| 600 | 1 |
_aСкалон _bД.А. _f1840 - 1919 _gДмитрий Антонович _92498337 _3RU\NLR\auth\661481943 |
|
| 607 |
_aСтраны Востока _xВосприятие русскими _z19 в. _92197658 _3RU\NLR\auth\661320754 |
||
| 686 | _aТ3(2)51-8 | ||
| 686 | _aТ3(2)47-72 | ||
| 686 | _aТ3(5)5,013 | ||
| 700 | 1 |
_4070 _8rus _7ca _aСкалон _bД. А. _gДмитрий Антонович _f1840-1918 _3RU\NLR\AUTH\7771141 _954069 |
|
| 801 | 0 |
_aRU _bNLR _c20071107 _gRCR |
|
| 801 | 1 |
_aRU _bNLR _c20071107 |
|
| 942 | _cBOOK | ||
| 980 | _aNB | ||